Guess the famous Scientist - Statistics

General Stats
  • This quiz has been taken 129 times
    116 since last reset
  • The average score is 6 of 25
Answer Stats
Picture Answer % Correct
Albert Einstein
76%
Nikola Tesla
70%
Stephen Hawking
62%
Isaac Newton
47%
Charles Darwin
46%
Niels Bohr
39%
Carl Sagan
37%
Neil deGrasse Tyson
24%
Erwin Schrödinger
19%
Julius Robert Oppenheimer
19%
Archimedes of Syracuse
18%
Richard Feynman
16%
Carl Friedrich Gauß
15%
Johannes Kepler
15%
Werner Heisenberg
14%
Alexander Fleming
11%
Paul Dirac
11%
Grace Hopper
10%
Pierre Curie
9%
Carl Linnaeus
4%
Nikolaus Copernicus
4%
Wilhelm Conrad Röntgen
4%
James Watt
3%
Joseph John Thomson
3%
Robert Koch
3%
No matching quizzes found
Score Distribution
Percent of People with Each Score
Percentile by Number Answered
Your Score History
You have not taken this quiz since the last reset